=LDR 00000nam 2200000 4500 =001 INLIS000000000033757 =005 20130612135708 =008 ***********************************ind** =035 ##$$0010-061300000033757 =041 ##$$a ind =082 ##$$a 664.6 =090 ##$$a 664.6, Faw v =100 ##$$a Fawwaz, Ummi =245 ##$$a Variasi Olahan tahu yang lezat/ Ummi Fawwaz =260 ##$$a 2009 $b Jogyakarta =300 ##$$a 64 hlm, Ilus, 24 cm =650 ##$$a Makanan - Tahu =850 ##$$a NBPNMAT